[Event "FRA-chT poule haute"]
[Site "France"]
[Date "2003.05.07"]
[Round "8.3"]
[White "Pert, Nicholas"]
[Black "Degraeve, Jean Marc"]
[Result "1-0"]
[WhiteElo "2468"]
[BlackElo "2542"]
[Annotator "Stohl,I"]
[PlyCount "81"]
[EventDate "2003.05.07"]
[EventType "team"]
[EventRounds "4"]
[EventCountry "FRA"]
[SourceTitle "CBM 095"]
[Source "ChessBase"]
[SourceDate "2003.07.25"]
[SourceVersion "1"]
[SourceVersionDate "2003.07.25"]
[SourceQuality "1"]
[WhiteTeam "Montpellier"]
[BlackTeam "Clichy"]
[WhiteTeamCountry "FRA"]
[BlackTeamCountry "FRA"]

1. d4 Nf6 2. Nf3 g6 3. c4 Bg7 4. g3 c5 5. Bg2 cxd4 6. Nxd4 Nc6 7. Nc3 O-O 8.
O-O d6 9. Nxc6 bxc6 10. Bxc6 (10. Qa4 Be6 (10... Bd7 $5 11. Bxc6 Bxc6 12. Qxc6
Rc8 $44) 11. Bxc6 Rc8 12. Nd5 Nd7 13. Bg5 f6 14. Be3 Ne5 15. Bb5 Bxd5 16. cxd5
f5 17. Rac1 Rxc1 18. Rxc1 Ng4 19. Bxa7 Bxb2 20. Rc2 Bg7 21. Bd7 Ne5 22. Be6+
Kh8 23. Rc8 Qxc8 24. Bxc8 Rxc8 25. Bd4 {1-0,Leski,M-Klipper,R/FRA-chT/2003/})
10... Rb8 11. Bg2 (11. Qa4 Qc7 (11... Bh3 12. Rd1 $5 $14 (12. Bg2 Bxg2 13. Kxg2
Qd7 14. Rb1 Qxa4 15. Nxa4 Rfc8 16. c5 dxc5 17. Be3 Rb4 18. b3 c4 19. Rbc1 Nd5
20. Bxa7 Ra8 21. Bc5 cxb3 22. Bxb4 bxa2 23. Bd2 {1/2,Loeffler,S-Reeh,O/BL 9495/
1995/} f5 $11)) (11... Bd7 $5 12. Rb1 $5 (12. Rd1 Bxc6 13. Qxc6 Qc8 (13... Qa5
14. Qf3 Rfc8 15. b3 {Karpov,A-Cozic,E/Gonfreville sim/1999/} Rxb3 16. axb3 Qxa1
17. Bg5 $14) 14. Qxc8 Rfxc8 15. b3 Ne4 16. Nxe4 Bxa1 17. Bg5 f6 18. Rxa1 (18.
Be3 Bb2 $15) 18... fxg5 19. Nxg5 a5 $11) (12. Bxd7 Qxd7 $44 {is very similar
to Loeffler-Reeh, the only difference is White's K is on g1 instead of g2})
12... Bxc6 13. Qxc6 $14) 12. Nd5 $5 (12. c5 dxc5 13. Bg2 Rb4 14. Qc2 Be6 15.
Bd2 Rfb8 16. b3 Rc8 17. Na4 Rb5 18. Nc3 Rb4 19. Na4 Rb5 20. Nc3 Rb4 21. Na4 $11
{1/2,Supatashvili,K-Ubilava,E/Protvino zt/1993/}) 12... Nxd5 13. cxd5 Bh3 {
/\Bb2=}) 11... Qa5 12. Nb5 (12. Qc2 Bb7 $5 (12... Be6 $143 13. Bd2 $1 Bxc4 14.
Nd5 Qb5 15. Nxe7+ Kh8 16. Nc6 Bxe2 17. Nxb8 Bxf1 18. Rxf1 Rxb8 19. b3 $16 {
Stohl,I-Enders,P/BL 9798/1997/}) 13. Bxb7 Rxb7 14. Bd2 Rc8 15. Rac1 (15. b3 d5
$44) 15... Rxc4 16. Qd3 Rc8 17. Nd5 Qd8 18. Qa6 Rcb8 19. Ba5 Qd7 20. Nxf6+ Bxf6
21. b4 {Stryjecki,M-Cobb,C/EUCup Halkidiki/2002/} Rc8 $11) 12... Bb7 13. Bxb7 (
13. Bd2 Qa6 14. Bxb7 Rxb7 {-13.Bb7} (14... Qxb7 15. b3 Ne4 16. Rb1 $14)) 13...
Rxb7 14. Bd2 (14. Qd3 d5 15. Nc3 dxc4 16. Qxc4 h5 17. Rd1 Rb4 18. Qc6 h4 19.
Nd5 Nxd5 20. Rxd5 Qb6 21. Qxb6 axb6 22. Rd3 Rc8 23. Rb1 Rc2 $11 {Savon,
V-Yermolinsky,A/Tashkent/1985/}) 14... Qa6 15. Bc3 Rc8 16. b3 {Currently White
tries to fight for the advantage with the help of the following exchange
sacrifice. The older tries were insufficient:} (16. a4 Rxc4 17. b3 Rc8 18. Rc1
Ne4 19. Bxg7 (19. Bb4 Nc5 20. Bxc5 dxc5 21. Qd3 Qe6 22. Qf3 Qb6 23. b4 c4 $15 {
Busch,K-Wegner,H/BL 9293/1993/}) 19... Rxc1 {1/2,Jussupow,A-Wahls,M/
Baden-Baden/1992/} 20. Qxc1 Kxg7 $11) (16. Na3 d5 17. Qc2 dxc4 18. Rfd1 Qe6 19.
Rac1 Bh6 20. Bd2 Bg7 21. Bc3 h5 22. Bd4 Qh3 23. Bxf6 Bxf6 24. Nxc4 Bxb2 25. Rb1
Rb4 26. Rxb2 Rbxc4 $11 {Dizdar,G-Sermek,D/YUG Cup Pula/1991/}) 16... d5 17.
Bxf6 (17. a4 dxc4 18. bxc4 Rd7 19. Qb3 Ng4 20. Bxg7 Kxg7 21. Rad1 Rxd1 22. Rxd1
Qf6 23. Qf3 Rxc4 24. Qxf6+ Kxf6 25. Nxa7 Rxa4 $11 {Kholmov,R-Haag,E/Pecs/1964/}
) 17... Bxf6 18. Qxd5 $1 {[%mdl 512]} Bxa1 19. Rxa1 $11 {/+/= White has 2P for
the exchange and a compact position, thus he hardly risks losing. (unless he
overpresses) Although Black should be able to hold the balance, his situation
is not too pleasant-any mistake might give White real winning chances.} Qc6 (
19... Rbb8 $143 20. Qe5 $1 (20. Qd4 Rb7 21. Nc3 $2 Rxb3 22. axb3 Qxa1+ 23. Kg2
Rb8 24. b4 Rxb4 25. Qd8+ Kg7 26. Nd5 Rxc4 27. Nxe7 Qd4 28. Qg8+ Kf6 {0-1,
Vilkov,V-Vaulin,A/Smolensk/1997/}) 20... Qa5 21. Qxe7 Re8 22. Qd6 a6 23. Nd4
Qd2 24. e3 Qb2 25. Rd1 Qxa2 {Velickovic,Z-Sermek,D/Bled op/1991/} 26. c5 $5 $36
) 20. Qxc6 (20. Rd1 $5 Qxd5 21. Rxd5 Kf8 22. Kf1 Ke8 23. Nc3 Rd8 24. Ra5 Kd7
25. e4 Kc6 26. Nd5 e6 27. Nf6 $14 {/<=>,Lada,I-Turner,M/Werfen op/1995/}) 20...
Rxc6 21. Rd1 Rc8 $146 (21... Kg7 22. Kf1 Kf6 23. e3 e6 24. Ke2 Ke7 25. Rd2 h5
26. h4 a6 27. Nc3 Rd7 28. Rc2 Kd6 29. Na4 Rb7 30. Nb2 f6 31. Nd3 e5 32. e4 g5
33. b4 gxh4 34. gxh4 Rc8 35. a4 Rbc7 36. c5+ Kc6 37. Ke3 Rb7 38. Rc1 Rbb8 39.
Rc3 Rg8 $132 {Makarov,M-Volzhin,A/St Petersburg/1995/}) 22. Kf1 Kf8 23. Ke1 Ke8
24. Rd3 Rc5 (24... a6 25. Nc3 (25. Nd4 Rd7 26. Kd2 $11 {/+/=}) 25... Rd7 $11 {
/+/= deserved attention, in analogy to Volzhin-Makarov.}) 25. Kd2 g5 {[%csl
Rh2][%cal Rg5g4,Rc5h5] /\g4,Rh5,><h2} (25... a6 $142 26. Nd4 Rd7 $14) 26. g4 $1
{[%cal Rd3h3] /\Rh3 White is alert and stops Black's idea.} Rd7 27. Nd4 h5 28.
h3 (28. gxh5 g4 $11 {<=>}) 28... hxg4 29. hxg4 Ra5 30. a4 $14 Re5 $2 {After
this oversight Black loses the crucial Pa7 and the _|_ with 3 connected o^ is
relatively easily won for White.} (30... Rc5 31. Kc3 a5 32. b4 axb4+ 33. Kxb4
$16) (30... a6 $5 31. Kc3 Rc7 $14 {was still playable.}) 31. Nc6 Re6 (31... Re4
32. f3 Re6 33. Rxd7 Kxd7 34. Nxa7 $18) (31... Rxd3+ 32. Kxd3 (32. exd3 Re6 33.
Nxa7 Rf6 34. Ke3 Re6+ {is less convincing.}) 32... Re6 33. Nxa7 $18) 32. Rxd7
Kxd7 33. Nxa7 $18 Kd6 (33... Rd6+ 34. Ke1 $5 (34. Kc3 Re6 35. e3 Rf6 $132)
34... Rh6 35. Nb5 $18) 34. Nb5+ (34. b4 $142 $5 Re4 35. Kd3 Rxg4 36. a5 $18) (
34. f3 $5) 34... Kc5 35. Nc3 Re5 (35... Kb4 36. Kc2 Ka3 $1 (36... Re5 37. Nd5+
Ka3 38. Kc3 $1 (38. a5 $2 e6 $14) 38... Rxe2 (38... e6 39. Nc7 Rxe2 40. Nb5+
$18) 39. a5 Rb2 40. b4 $18) 37. f3 $5 (37. e3 Rb6 38. a5 Ra6 $1 $14 {/+/-} (
38... Rxb3 39. Nb5+ {[%cal Ra5a6] /\a6+-})) 37... Rb6 38. Nb5+ Kb4 39. Kb2 {
[%cal Rb5c3,Rc3a2] /\Nc3-a2,Kc3+-}) 36. e3 (36. f3 $5 Kb4 37. Kc2 $18) 36...
Kb4 37. Kc2 f5 38. Nd5+ Kc5 (38... Ka3 39. Kc3 (39. f4 gxf4 (39... fxg4 40.
fxe5 g3 41. Nc3 $18) 40. exf4 Re2+ 41. Kd3 Re1 $16 42. gxf5 Kxb3 43. a5 $16 {
/+-}) 39... fxg4 40. Nb4 Rf5 41. Nd3 $18 {[%csl Ga4,Gb3,Gc4] o^,/\c5,a5,b4})
39. Kd3 $1 fxg4 40. b4+ Kd6 (40... Kc6 41. Kd4 Re6 42. b5+ $18 {[%cal Ra4a5,
Rc4c5] /\c5,a5}) 41. e4 {Now the pawns advance fast and unobstructed,
therefore Black after the time control gave up.} (41. e4 Re6 (41... Kd7 42. b5
$18 {/\} e6 43. Kd4 $1) 42. c5+ Kc6 43. Kd4 $18) 1-0

[Event "EU-ch 4th"]
[Site "Istanbul"]
[Date "2003.05.31"]
[Round "2"]
[White "Ivanchuk, Vassily"]
[Black "Minasian, Artashes"]
[Result "1-0"]
[WhiteElo "2704"]
[BlackElo "2555"]
[Annotator "Stohl,I"]
[PlyCount "129"]
[EventDate "2003.05.30"]
[EventType "swiss"]
[EventRounds "13"]
[EventCountry "TUR"]
[SourceTitle "CBM 096"]
[Source "ChessBase"]
[SourceDate "2003.09.25"]
[SourceVersion "1"]
[SourceVersionDate "2003.09.25"]
[SourceQuality "1"]

1. d4 Nf6 2. c4 c5 3. Nf3 g6 4. g3 Bg7 5. Bg2 O-O 6. Nc3 d6 7. O-O Na6 {
A relatively rare move. Objectively it's somewhat weaker than} (7... Nc6 8. d5
(8. dxc5 dxc5 {-E65}) 8... Na5 {-E66 transposing to the Yugoslav variation, in
which Black nowadays doesn't experience opening problems. However Minasian
probably feared Ivanchuk's encyclopaedic theoretical prowess.}) (7... cxd4 8.
Nxd4 Nc6 $5 {-A39/E65}) 8. Re1 {White wants to maintain the central tension
and also chooses a seldom played move.} (8. d5 Nc7 9. a4 $14 {-E64 but a
fianchetto Benoni may not be everyone's favourite.}) ({More often White plays
the immediate} 8. b3 Bg4 9. Bb2 Qd7 10. Re1 Rab8 11. Qd2 Bxf3 12. exf3 $5 Rfe8
13. f4 cxd4 14. Qxd4 Nc5 15. Rad1 b6 16. Nd5 Ne6 17. Qd2 Nxd5 18. cxd5 Nc5 19.
Bxg7 Kxg7 20. b4 Na4 21. Qd4+ Kg8 22. Rc1 a5 23. a3 axb4 24. axb4 b5 25. Rc6
$36 {Kasparov,G-Cebalo,M/Manila olm/1992/}) ({Another popular move is} 8. h3
Rb8 (8... Bd7 $142 9. b3 Bc6 $5 $132) 9. e4 cxd4 10. Nxd4 Nc5 11. Be3 a6 12.
Rc1 Ne8 $6 13. b4 {()} Nd7 14. Qe2 Ne5 15. a3 Bd7 16. Rfd1 e6 17. f4 Nc6 18.
Nxc6 Bxc6 19. c5 Qc7 20. b5 axb5 21. Nxb5 Qa5 22. Nxd6 Qxa3 23. e5 $16 {
/+-,Nisipeanu,L-Vajda,L/Bucharest/1998/}) (8. e4 Bg4 9. Be3 Nd7 $5 $132) 8...
Bd7 (8... Rb8 9. Rb1 Be6 10. b3 (10. d5 {()[+]}) 10... Nc7 $6 11. dxc5 dxc5 12.
Bf4 $36 Rc8 13. Ng5 Nfe8 14. Qc2 Rb8 15. Nxe6 fxe6 16. Rbd1 Qc8 17. Bh3 b5 18.
Nd5 $18 {Mosca,L-Tomba,I/Venice/1997/}) (8... Nc7 9. e4 (9. Bg5 cxd4 (9... Rb8
$2 10. dxc5 dxc5 11. Bf4 Bd7 12. Ne5 Rc8 13. Nxd7 Nxd7 14. Bh3 e6 15. Qb3 e5
16. Be3 b6 17. Rad1 f5 18. Qa4 Rf7 19. Bg2 e4 20. f3 $16 {Heinkelmann,J-Panzer,
B/RL 9495 Bayern/1994/}) 10. Nxd4 Ne6 $132) 9... Nd7 10. Be3 Rb8 11. Qd2 b6 12.
Bh6 e5 13. Bxg7 Kxg7 14. dxe5 dxe5 15. Rad1 Qf6 16. Nd5 $36 {Gibbons,
M-Hemphill,J/Winnipeg/1999/}) (8... Bg4 9. d5 (9. h3 $142 $14) 9... Nc7 10. Nd2
Qc8 11. Qc2 Bh3 12. Bh1 Ng4 13. Nde4 h6 14. f3 Ne5 15. Nf2 Bd7 16. b3 b5 17.
cxb5 Nxb5 18. Nxb5 Bxb5 19. Bb2 Qf5 20. Ne4 a5 $11 {Ernst,S-Van der Marel,B/
Groningen/1999/}) 9. b3 Qc8 (9... Rb8 10. Bb2 Nb4 {Ibach,F-Fantin,A/FRA-chT/
1999/} 11. dxc5 dxc5 12. Ne5 $14) 10. Bg5 $5 ({A more natural continuation is} 
10. Bb2 Bh3 11. Bh1 cxd4 12. Nxd4 Nc5 13. Qd2 $11 {/+/=}) 10... Re8 (10... Bh3
$6 11. Bxf6 $1 Bxf6 12. Nd5 Bxg2 13. Nxf6+ exf6 14. Kxg2 $14) 11. Rc1 (11. Qd2
$142 {[%cal Ya1d1] /\Rad1 prevents h6 and was a better chance to fight for an
advantage out of the opening.}) 11... Bh3 12. Bh1 h6 13. Bd2 e5 $5 (13... cxd4
14. Nxd4 Ng4 $13) (13... Qg4 $5 $132) 14. Nb5 (14. dxe5 dxe5 15. e4 (15. Nb5
Qe6 $5 (15... Ne4 {transposes into the game}) 16. e4 Red8 $11) 15... Nb4 16.
Qe2 Nc6 17. Nd5 Qd8 $11) 14... Ne4 {Black sacrifices an exchange, but there
was no need to do so.} (14... Qd7 15. dxe5 dxe5 16. Bc3 Ne4 17. Qxd7 Bxd7 18.
Bb2 $14) (14... Qe6 $5 $132) 15. dxe5 $6 {Ivanchuk declines the offer, but
fails to get any advantage.} (15. Nxe5 $6 dxe5 16. Bxe4 exd4 17. Nd6 Qe6 18.
Bf4 Red8 $1 (18... Re7 19. Bd5 Qf6 20. e4 $1 $36) 19. Bxb7 g5 $1 20. Bd5 Qe7
$17) (15. Nh4 $5 exd4 16. Bxe4 Rxe4 17. Nxd6 Qe6 18. Nxe4 Qxe4 19. f3 {[%cal
Yh4g2] /\Ng2+/= gives White chances for a successful defence.}) 15... dxe5 16.
Be3 (16. Nh4 Nxd2 17. Qxd2 Rd8 $36) 16... Rd8 17. Qc2 Bf5 ({A solid
alternative was} 17... Nd6 $11 {and Black has no problems.}) 18. Qb2 Nb4 (18...
Nxf2 $142 $5 19. Bxf2 e4 20. Qa3 (20. Nfd4 cxd4 21. Bxd4 Bxd4+ 22. Nxd4 Qc5 23.
Rcd1 Nb4 $11 {/=/+}) 20... exf3 21. Bxf3 Bg4 $13) 19. a3 (19. Nh4 a6 20. Nxf5
gxf5 21. a3 $1 {[]} (21. Nc3 Nxc3 22. Rxc3 e4 $17) 21... axb5 (21... Nc6 22.
Bxe4 fxe4 23. Nc3 $16) 22. axb4 cxb4 23. Bxe4 $5 (23. cxb5 Nc3 $36) 23... fxe4
24. cxb5 $13) 19... Nxf2 $5 {[%mdl 64] Black feels the tide is turning and
goes for immense tactical complications. Ivanchuk initially keeps his calm.} (
19... Nc6 20. Nh4 $14) 20. Bxf2 (20. Kxf2 {exposes White's K, after} e4 21. Ne5
Na6 $5 $44 {the pin is practically unbreakable, e.g.,} (21... Nc6 $2 22. Nxc6
$1 $18) 22. g4 Bxg4 23. Bxe4 Qb8 24. Bf4 Re8 $13) (20. axb4 $6 e4 21. Ne5 Nxh1
$40) 20... e4 21. Ne5 Qb8 $5 (21... Nc6 $2 22. Nxc6 $1 bxc6 (22... Bxb2 23.
Ne7+ $18) 23. Nc3 $18) (21... Na6 {is different from the line above, after} 22.
g4 Bxg4 23. Rcd1 $1 $16 {[%cal Rb5d6,Rf2g3] White is clearly on top. /\Nd6,Bg3}
(23. Bxe4 $143 Qb8 24. Bg3 Re8 25. Nxg4 Bxb2 26. Bxb8 Rxe4 27. Nf2 Bxc1 28.
Rxc1 Rxe2 29. Bxa7 Rd8 $14)) 22. axb4 $6 {This wins a piece, but subjects
White to a dangerous attack.} ({Safer seems} 22. Red1 $142 $1 Rxd1+ 23. Rxd1
Bxe5 (23... e3 24. Bxe3 Bxe5 25. Qd2 Bxg3 26. Nd6 $1 $36) 24. Qd2 $14) 22...
Bxe5 23. Qa3 e3 $6 (23... cxb4 24. Qxb4 e3 25. Bxe3 Bxg3 $44) (23... a6 $1 24.
Nc3 e3 25. Nd5 $5 (25. Bxe3 Bxg3 $40) 25... exf2+ 26. Kxf2 $132) 24. bxc5 exf2+
(24... a6 $5 25. Nd6 $1 (25. Nc3 $2 Bd4 $17) 25... exf2+ (25... Bd4 26. Red1 $1
exf2+ 27. Kf1 Bh3+ 28. Bg2 $36) 26. Kxf2 Bd4+ $1 (26... Bxd6 27. cxd6 Rxd6 28.
Bxb7 $1 $16) 27. e3 Bxc5 28. Qxc5 Rxd6 29. Red1 $14 {[%cal Gd1d8] <->d}) 25.
Kxf2 Rd2 $2 {Now Black's play gradually peters out.} (25... a6 26. Nd6 {
-24...a6!?}) 26. Rcd1 $16 Qd8 (26... Bb2 27. Qa5 Rxd1 28. Rxd1 $16) 27. Rxd2 (
27. Bd5 $5 Rxd1 28. Rxd1 Qf6 29. Kg1 $16) 27... Qxd2 28. Qc1 $1 {A natural
impulse to bring the Q closer to the defence. Therefore Ivanchuk spurns} (28.
Bxb7 Bb2 {[%cal Ya8e8] /\Re8<=>}) 28... Qb4 29. Qe3 Bf6 30. Bxb7 Rf8 31. c6 (
31. Nd6 $5 {/\Bd5->}) 31... a6 (31... Be7 32. Qc3 (32. Qxh6 $143 Bc5+ 33. e3
Bd3 $1 $44) 32... Qc5+ 33. e3 (33. Qd4 $2 a6 $1 $132) 33... Be4 34. Nd4 $16) (
31... Bg5 32. Qc3 $5 Qxc3 (32... Qc5+ 33. Qd4 $18) 33. Nxc3 Bd2 34. Nd5 Bxe1+
35. Kxe1 $18) 32. Nc7 (32. Bxa6 $16 {/+- was also possible, this phase of the
game was probably influenced by time-trouble.}) 32... Bg5 33. Qd4 Qxb3 34. Ra1
(34. Nd5 $5 {/\} a5 35. h4 Bd8 36. Ba6 {[%cal Rc6c7] /\c7+-}) 34... Bc8 35.
Bxc8 Rxc8 36. Rxa6 Qb1 (36... Rxc7 $4 37. Ra8+ $18) 37. Ra8 (37. Qd7 $1 Rd8 38.
Ra8 Qb6+ (38... Rxa8 39. Nxa8 Qh1 40. Qd5 $1 Qxh2+ 41. Qg2 $18) 39. c5 $5 (39.
Kg2 Rxa8 40. Nxa8 Qe3 41. Qg4 Qe8 42. Nb6 Qxc6+ 43. Nd5 $16 {is similar to the
game.}) 39... Qxc5+ 40. Kg2 Rxa8 41. Nxa8 Qe3 42. Qg4 Qe8 43. c7 $1 Qxa8+ (
43... Qc6+ 44. Kh3 f5 45. Qd4 $18) 44. Kh3 f5 45. Qc4+ $18 {This is the point
of the pawn sacrifice on move 39.}) (37. Nd5 Qh1 $132) (37. Kg2 Qc2 38. Qe5 Bf6
$5 (38... Qxc4 39. Ne8 $1 $18) 39. Qxf6 Qxe2+ 40. Qf2 Qxc4 $5 (40... Qxf2+ 41.
Kxf2 Rxc7 42. Ke3 $18) 41. Qb2 Qe4+ 42. Kf2 Qh1 43. Qe5 $16) 37... Qf5+ 38. Kg2
Rxa8 39. Nxa8 Qc8 40. Nb6 (40. c7 Qxa8+ 41. e4 Qc6 $1 $11) 40... Qxc6+ 41. e4
$16 {/+- Despite losing his advanced o^c6 White has very good winning chances
with his extra P and strong N.} Bf6 (41... Be7 42. Nd5 Bc5 43. Qe5 $18) (41...
f5 $2 42. Qd5+ Qxd5 43. exd5 $18) (41... Qe6 42. Nd5 $16 {/+-}) 42. Nd5 $1 {
Forces further simplification.} Bxd4 43. Ne7+ Kf8 44. Nxc6 Bc5 45. Kf3 Ke8 (
45... f6 46. g4 $142 $5 (46. e5 f5 $5 (46... Kf7 47. Ke4 $18) 47. e6 Bd6 48.
Ke3 Bc5+ 49. Kd3 Ke8 $14) 46... Ke8 47. Na5 {and White should gradually win.})
(45... h5 46. e5 Ke8 47. Ke4 $18) 46. Ne5 Bd4 47. Nd3 f6 (47... Ke7 48. e5 {
[%cal Rf3e4] /\Ke4+-}) 48. g4 $1 Ke7 (48... g5 49. e5 fxe5 50. Ke4 $18) 49. h4
{[%csl Rh6][%cal Rh4h5] /\h5,><h6} g5 (49... Kd6 50. h5 gxh5 51. gxh5 Ke6 52.
Nf4+ Kd6 53. Nd5 $18) 50. h5 $18 Kd6 51. Ke2 Kc6 52. Nb4+ Kd6 (52... Kc5 53.
Kd3 $1 $18) 53. Nd5 Ke5 54. Kf3 {/\Ne3-f5} Bc5 55. Ne3 Bf8 56. Nf5 Ke6 $8 57.
Ke2 $1 Ke5 58. Ke3 Bc5+ 59. Kd3 Bf8 $8 60. c5 Bxc5 61. Nxh6 Ke6 (61... Kf4 62.
Nf5 Kxg4 63. h6 $18) 62. Nf5 Kf7 63. Kc4 Ba3 64. Kd5 Bf8 65. Nd6+ (65. Nd6+ Ke7
(65... Kg8 66. Ke6 $18) 66. h6 $1 Bxh6 67. Nf5+ $18) 1-0

[Event "POL-ch"]
[Site "Warsaw"]
[Date "2004.04.24"]
[Round "1"]
[White "Cyborowski, Lukasz"]
[Black "Macieja, Bartlomiej"]
[Result "0-1"]
[WhiteElo "2565"]
[BlackElo "2633"]
[Annotator "Stohl,I"]
[PlyCount "72"]
[EventDate "2004.04.24"]
[EventType "tourn"]
[EventRounds "13"]
[EventCountry "POL"]
[EventCategory "12"]
[SourceTitle "CBM 101"]
[Source "ChessBase"]
[SourceDate "2004.07.27"]
[SourceVersion "1"]
[SourceVersionDate "2004.07.27"]
[SourceQuality "1"]

1. Nf3 c5 2. c4 Nf6 3. Nc3 Nc6 4. g3 g6 5. Bg2 Bg7 6. O-O O-O 7. e3 {A passive
move, which can't give White chances to fight for an advantage.} ({The only
principled continuation is} 7. d4 $142 d6 (7... cxd4 8. Nxd4 {-A39}) 8. d5 (8.
dxc5 dxc5 {-E65}) 8... Na5 {-E66 leading to a well-known theoretical position;
the starting point of the Yugoslav Variation.}) 7... d6 8. d4 $6 {This is
already too ambitious and gives Black a very comfortable position. (For
example, nobody plays 7.d4 d6 and then 8.e3?!)} (8. b3 d5 $1 $36) (8. d3 $142
$11) 8... Bg4 $1 ({Suprisingly enough this position occurred in Botvinnik's
practice. However, Najdorf played the less incisive} 8... Bf5 $6 9. b3 Qc8 10.
Bb2 Ne4 11. Rc1 Nxc3 12. Bxc3 Be4 13. d5 Bxc3 14. Rxc3 Nd8 15. Nd2 Bxg2 16.
Kxg2 f5 17. f4 e6 18. e4 exd5 19. cxd5 Nf7 20. Re1 Re8 21. Rce3 Qd7 22. Qf3
Rad8 23. a4 b6 24. exf5 Rxe3 25. Rxe3 Qxf5 26. g4 $16 {()-> Botvinnik,
M-Najdorf,M/Amsterdam olm/ 1954/}) 9. h3 (9. b3 $5 Qc8 (9... Nd7 10. Ne2 cxd4
11. exd4 Qa5 12. h3 Bxf3 13. Bxf3 Rad8 14. Bb2 e5 15. Bxc6 bxc6 16. dxe5 Nxe5
17. Qc2 Rfe8 18. Bc3 Qc7 19. Rad1 $11 {Dvorak,J-Petrik,T/Hlohovec op/1997/})
10. Bb2 Rb8 11. Rc1 Rd8 {Wundahl,J-Schoder,V/Dortmund op-B/1999/} 12. Qd2 $5
$11) (9. d5 Ne5 $36) (9. dxc5 dxc5 $32 {=/+}) 9... Bxf3 10. Bxf3 Nd7 11. Bxc6 {
After giving up such an important B Black can already claim an edge.} ({
Quite risky, but definitely more consistent was} 11. d5 Na5 $1 (11... Nce5 $6
12. Be2 Nb6 13. Qb3 Qd7 14. Kg2 $14 {[+],^^}) 12. Qa4 a6 $5 (12... Bxc3 13.
bxc3 f5 14. Be2 b6 15. Bd2 Qe8 16. f4 Rd8 17. e4 e6 18. exf5 exf5 19. Rae1 Nf6
20. Qc2 Qd7 $11 {1/2,Moisieev,O-Vasiukov,E/Yerevan/1955/}) 13. Be2 Ne5 14. f4 {
׻} (14. Kg2 $142 $13) 14... Nexc4 $1 15. Bxc4 b5 16. Nxb5 Nxc4 17. Qxc4 axb5
18. Qxb5 Qc8 19. Kh2 Qf5 20. Qc4 Rfb8 21. e4 Qh5 22. Rf2 Bd4 23. Rg2 f5 24. Qd3
Rb4 25. exf5 gxf5 26. g4 fxg4 27. Rxg4+ Kh8 $40 {Pedersen,H-Larsen,K/Roskilde/
1998/}) (11. dxc5 Bxc3 12. bxc3 Nxc5 $15) (11. Ne2 Qb6 {and just as in the
game White can't retain his Pd4 without concessions.} 12. Bxc6 bxc6 13. b3 Qb7
14. Rb1 Rad8 15. Bb2 Rfe8 16. d5 cxd5 17. Bxg7 Kxg7 18. Qxd5 Qxd5 19. cxd5 Rb8
20. Nc3 Rb4 21. Rfc1 Reb8 22. Kf1 Rc8 23. Ne2 Nf6 24. Rd1 a5 $15 {Dambrauskas,
V-Sziva,E/Budapest/1993/}) 11... bxc6 12. b3 Nb6 {[%cal Ya7a4] Macieja plans
an advance of the a-pawn. The most direct method to resolve the central
tension and achieve a good position is} (12... Qa5 13. Bb2 cxd4 14. exd4 d5 $1
(14... Qf5 15. Kg2 d5 16. g4 Qf6 17. cxd5 Nb6 18. dxc6 Qxc6+ 19. d5 Qb7 20. Qf3
Rac8 21. Rac1 Rc7 22. Rfd1 Rfc8 23. Na4 Bxb2 24. Rxc7 Rxc7 25. Nxb2 Rc2 26. Nc4
Nxc4 27. bxc4 Rxc4 28. d6 $11 {Ilivitzki,G-Taimanov,M/URS-ch Moscow/1955/}) 15.
cxd5 (15. Ne2 Nb6 16. Qc2 Qa6 17. c5 Nd7 18. b4 Rab8 19. Bc3 Qc4 20. Qd2 e5 21.
Rfc1 Nf6 22. Qe3 exd4 23. Nxd4 Ne4 $17 {Baierlein,M-Pirisi,G/Bad Woerishofen
op/1988/}) 15... cxd5 16. Na4 e6 17. Bc3 Qb5 18. Qf3 Rfc8 19. Qe3 Rc6 20. Rac1
Rac8 21. Bd2 h5 22. Rxc6 Rxc6 23. Rc1 Rxc1+ 24. Bxc1 Qc6 $15 {Karner,H-Kiik,K/
Tallinn/2001/}) (12... cxd4 13. exd4 c5 $6 (13... Qa5 $142 $5) 14. Be3 e6 (
14... Qc7 15. Nd5 Qd8 16. Bg5 Nf6 17. Nxf6+ Bxf6 18. Bxf6 exf6 19. dxc5 dxc5
20. Qxd8 Raxd8 21. Rad1 $16 {Kuzevanova,E-Tyukhtina,A/St Petersburg/2002/}) 15.
Rc1 Qa5 $6 (15... Qe7 $142 $14 {/<=>}) 16. Ne4 cxd4 17. Bxd4 Bh6 18. Rc2 Qf5
19. Nxd6 Qxh3 20. Qf3 $16 {Angles Auriac,B-Casa,A/Leipzig olm/1960/}) 13. Bb2
cxd4 14. exd4 Rb8 {[%cal Rb6c4] /\Nc4} 15. Qd2 (15. Rb1 d5 $5 (15... a5 16. d5
$1 $132) 16. c5 (16. cxd5 cxd5 $15) 16... Nd7 $13 {/=/+}) 15... a5 16. Rad1 (
16. d5 cxd5 17. cxd5 (17. Nxd5 $2 Nxc4 $1 $17) 17... Qd7 18. Kg2 Rfc8 $36 {
[%csl Rd5] ><d5}) (16. Rab1 $142 a4 17. Ba1) 16... a4 17. Rfe1 $2 (17. Nxa4
Nxa4 18. bxa4 Qd7 19. Kg2 Qa7 20. a5 c5 $15 (20... Qa6 $5)) (17. c5 dxc5 18.
dxc5 Qxd2 19. Rxd2 Bxc3 20. Bxc3 Nd5 21. Be5 Rb4 $15) 17... axb3 18. axb3 Nc8
$1 $17 {[%csl Rb3,Ge7] ><b3 Suddenly White can't protect his weakP by normal
means.} 19. d5 (19. Qc2 Qb6 $17) 19... Rxb3 (19... c5 $2 20. Nb5 $14) 20. dxc6
(20. Qc2 Rb4 $17) 20... Qb6 21. Ba1 Bxc3 $1 {Played without prejudice. Macieja
exchanges White's potentially most active minor piece, which could have caused
him problems from d5. He aims for more, than a major piece ending with an
extra [+]P, which would be difficult to convert after} (21... Qxc6 $6 22. Nd5
Bxa1 23. Rxa1 Qxc4 (23... Rb7 24. Qd4 $44) 24. Nxe7+ (24. Rac1 $5 $15) 24...
Nxe7 25. Rxe7 $15) 22. Bxc3 Qxc6 23. Ba1 (23. Rc1 $142 Qf3 $17) 23... Qxc4 24.
Rc1 Qb4 25. Qh6 e5 $19 {White's <=> is over and Black is 2P up in a technical
position. The rest is relatively simple.} 26. Red1 Ne7 27. Qg5 f6 28. Qg4 Qxg4
29. hxg4 Rb6 30. Rc7 Kf7 31. f4 ({White can't get his B anywhere without
allowing exchanges:} 31. Bc3 Rc8 $19) 31... g5 (31... Rfb8 $5 {[%cal Rb6b1] /
\Rb1-+}) 32. fxe5 fxe5 33. Rf1+ Ke8 34. Rd1 Rf3 35. Kg2 Ra3 {[%cal Rb6b3] /
\Rbb3} 36. Bc3 Rc6 (36... Rc6 37. Rxc6 Nxc6 38. Bd2 Rd3 $19) 0-1